Statistics for Chris Rea Lyrics - Driving Home For Christmas

Click here to take the quiz!

General Stats

  • This quiz has been taken 16 times
  • The average score is 155 of 225

Answer Stats

Lyrics% Correct
a
100%
Christmas,
100%
Christmas
100%
Driving
100%
driving
100%
for
100%
home
100%
I
100%
To
100%
to
100%
I'm
93%
can't
86%
my
86%
see
86%
wait
86%
yeah
86%
faces
79%
in
79%
so
79%
So
79%
the
79%
those
79%
all
71%
and
71%
And
71%
be
71%
car
71%
will
71%
you
71%
around
64%
lights
64%
Oh
64%
Oh,
64%
take
64%
away
57%
been
57%
Get
57%
get
57%
got
57%
It's
57%
it's
57%
long
57%
me
57%
on
57%
red
57%
there
57%
feet
50%
ground
50%
holy
50%
sing
50%
time
50%
toe
50%
Top
50%
When
50%
gonna
43%
but
36%
But
36%
hear
36%
line
36%
moving
36%
pass
36%
some
36%
song
36%
this
36%
through
36%
at
29%
down
29%
driver
29%
feel
29%
He's
29%
I'll
29%
just
29%
Just
29%
look
29%
memories
29%
near
29%
next
29%
same
29%
tailbacks
29%
that
29%
Though
29%
With
29%
freeway,
21%
soon
21%
there'll
21%
thousand
21%
Well,
14%

Score Distribution

Percentile by Number Answered

Percent of People with Each Score

Your Score History

You have not taken this quiz